000 00405nam a2200169Ia 4500
001 578
008 140312s9999 xx 000 0 und d
020 _a30675553
040 _cPK-LaUMT
082 _a 306
_bOLS-P
100 _aMarvin E.Olsen
245 4 _aThe process of social organization
_cMarvin E.Olsen
260 _a"New York,USA:"
_b"Holt,"
_c1968.
300 _a361 p.
546 _aEN
942 _cBK
999 _c679
_d679